| Record ID | marc_records_scriblio_net/part20.dat:6308388:986 |
| Source | Scriblio |
| Download Link | /show-records/marc_records_scriblio_net/part20.dat:6308388:986?format=raw |
LEADER: 00986cam 2200277 a 4500
001 88013955 //r932
003 DLC
005 19930427080222.1
008 880921s1988 caua b 00010 eng
010 $a 88013955 //r932
020 $a0940795027 :$c$10.95
040 $aDLC$cDLC$dDLC
041 1 $aengger
050 00 $aRZ401$b.B1313 1988
082 00 $a615.8/51$219
100 10 $aBaginski, Bodo J.
240 10 $aReiki.$lEnglish
245 10 $aUniversal life energy :$ba holistic method of treatment for the professional practice, absentee healing, and self-treatment of mind, body, and soul /$cBodo J. Baginski, Shalila Sharamon.
260 0 $aMendocino, CA, U.S.A. :$bLifeRhythm,$cc1988.
300 $a198 p. :$bill. ;$c22 cm.
500 $aTranslation of Reiki from the German.
500 $aCover title: Reiki, universal life energy.
504 $aBibliography: p. 196.
650 0 $aReiki (Healing system)
700 10 $aSharamon, Shalila.
740 01 $aReiki, universal life energy.